Theorie des groupes finis : elements de la theorie des groupes abstraits
Αποθηκεύτηκε σε:
| Κύριος συγγραφέας: | |
|---|---|
| Μορφή: | Βιβλίο |
| Γλώσσα: | French |
| Δημοσίευση: |
Paris :
Gauthier-Villars,
1904.
|
| Θέματα: | |
| Ετικέτες: |
Προσθήκη ετικέτας
Δεν υπάρχουν, Καταχωρήστε ετικέτα πρώτοι!
|
MARC
| LEADER | 00000cam a2200000 i 4500 | ||
|---|---|---|---|
| 001 | 1/4338 | ||
| 008 | 100209s1904 fr | ||| |||| ||fre|| | ||
| 035 | |l 10106727 | ||
| 040 | |a GR-MyUa |b gre |e AACR2 | ||
| 041 | 0 | |a fre | |
| 082 | 7 | |a 512.2 |2 (22) | |
| 100 | 1 | |a Séguier, J.-A. de |q (Jean-Armand de), |d 1862-1935. | |
| 245 | 1 | 0 | |a Theorie des groupes finis : |b elements de la theorie des groupes abstraits / |c par J.-A. de Seguier. |
| 260 | |a Paris : |b Gauthier-Villars, |c 1904. | ||
| 300 | |a 176 σ. ; |c 24 εκ. | ||
| 650 | 0 | |a Finite groups. | |
| 852 | |a INST |b SAMOS |c MAG |e 20100209 |h 512.2 SEG |p 005300030678 |q 005300030678 |t BK |y 0 | ||
| 901 | |a BIBL3-2010-1 | ||
| 970 | |a ΣΙΤΖΙΜΗ |b ΓΙΑΣΕΜΗ |z 2010/02/09 | ||